000 00417nam a2200133Ia 4500
008 171212s9999 xx 000 0 und d
020 _a9780874214062
100 _aBenedict, Elinor
245 _cBenedict, Elinor
_aAll That Divides Us
_bPoems
260 _bUniversity Press of Colorado
_c2000
440 _aSwenson Poetry Award
650 _aLanguage & Literature
856 _uwww.jstor.org/stable/10.2307/j.ctt46nxdb
999 _c353027
_d353027